000 00683cam a2200229 a 4500
001 000004684
005 20200929151459.0
008 780329s1976 sp 001 f spa
020 _a8432503355
040 _aDO-SdBNP
_cDLC
_dDLC
082 _a863.64
_bV217g
100 1 _aVan-Halen, Juan,
_d1944-
_913643
245 1 0 _aGeografía para vagabundos /
_cJuan Van-Halen.
260 _aMadrid :
_bDoncel,
_c1976.
300 _a345 p. ;
_c18 cm.
490 1 _aEl libro de bolsillo Doncel
_v118
650 4 _aNovela española
_91123
650 4 _aLiteratura española
_9632
830 3 _aEl libro de bolsillo Doncel ;
_v118
_98628
910 _aCatalogación por copia / LC
910 _aWM
999 _c4490
_d4490